000 01054cam a22003257a 4500
003 CHAP
005 20220329143043.0
008 051028d2002 es r 00110 spa d
010 _a91248
011 _a92220
020 _a8474265029
035 _a102784
040 _cCHAP
082 0 4 _a338.91
_bD5 2002
245 1 0 _aDiccionario de acción humanitaria y cooperación al desarrollo
_c/dir. por Carlos Pérez de Armiño
250 _a2 ed.
260 _aBarcelona :
_bICARIA,
_c2002.
300 _a623 p.
590 _aBATCH-UPD
_b10
_c20130110
_lUCH01
_h0428
590 _aBATCH-UPD
_b10
_c20130410
_lUCH01
_h0104
590 _aBATCH-UPD
_b10
_c20130914
_lUCH01
_h1049
590 _aCONVERSION
_b10
_c20130109
_lUCH01
_h1351
650 1 4 _aCooperación internacional
_xDiccionarios.
_927772
650 1 4 _aDesarrollo económico
_xDiccionarios.
_932052
700 0 _aPérez de Armiño, Carlos
_edir.
_989597
901 _aBK
905 _aLilia
942 _cLIBRO
949 _a338.91 D5 2002
_bBC
_cC
_d33724000966057
_eC
_gI.c/e
_h107371
_i102784
_sb
_t$489.00
999 _c91248
_d91248